000 00321nam a22001457a 4500
008 210428b ||||| |||| 00| 0 eng d
020 _a9051839200
041 _aeng
080 _a94
082 _a94
100 _a16
101 _aSHH
245 _aBegriff des Unbegreiflichen
_cCristina M. Pumplun
942 _2udc
_cBK
999 _c56895
_d56895